<?xml version="1.0" encoding="UTF-8"?>
<record
    xmlns:xsi="http://www.w3.org/2001/XMLSchema-instance"
    xsi:schemaLocation="http://www.loc.gov/MARC21/slim http://www.loc.gov/standards/marcxml/schema/MARC21slim.xsd"
    xmlns="http://www.loc.gov/MARC21/slim">

  <leader>00763nam a2200181Ia 4500</leader>
  <controlfield tag="008">090124s9999    xx            000 0 und d</controlfield>
  <datafield tag="082" ind1=" " ind2=" ">
    <subfield code="b">29323</subfield>
    <subfield code="a">1734</subfield>
  </datafield>
  <datafield tag="100" ind1=" " ind2=" ">
    <subfield code="a">&#x928;&#x947;&#x928;&#x947; &#x935;&#x93F;. &#x935;&#x93E;. &#x924;&#x925;&#x93E; &#x930;&#x93E;&#x91C;&#x93E;&#x92D;&#x93E;&#x90A;</subfield>
  </datafield>
  <datafield tag="245" ind1=" " ind2=" ">
    <subfield code="a"> &#x964;&#x964; &#x927;&#x930;&#x94D;&#x92E;&#x915;&#x94D;&#x937;&#x947;&#x924;&#x94D;&#x930;&#x947; &#x915;&#x941;&#x930;&#x941;&#x915;&#x94D;&#x937;&#x947;&#x924;&#x94D;&#x930;&#x947; &#x964;&#x964;</subfield>
  </datafield>
  <datafield tag="250" ind1=" " ind2=" ">
    <subfield code="a">1</subfield>
  </datafield>
  <datafield tag="260" ind1=" " ind2=" ">
    <subfield code="c">1997</subfield>
  </datafield>
  <datafield tag="300" ind1=" " ind2=" ">
    <subfield code="a">99</subfield>
  </datafield>
  <datafield tag="600" ind1=" " ind2=" ">
    <subfield code="a">&#x928;&#x947;&#x928;&#x947; &#x935;&#x93F;. &#x935;&#x93E;. &#x924;&#x925;&#x93E; &#x930;&#x93E;&#x91C;&#x93E;&#x92D;&#x93E;&#x90A;</subfield>
  </datafield>
  <datafield tag="630" ind1=" " ind2=" ">
    <subfield code="a"> &#x964;&#x964; &#x927;&#x930;&#x94D;&#x92E;&#x915;&#x94D;&#x937;&#x947;&#x924;&#x94D;&#x930;&#x947; &#x915;&#x941;&#x930;&#x941;&#x915;&#x94D;&#x937;&#x947;&#x924;&#x94D;&#x930;&#x947; &#x964;&#x964;</subfield>
  </datafield>
  <datafield tag="700" ind1=" " ind2=" ">
    <subfield code="a">&#x928;&#x947;&#x928;&#x947; &#x935;&#x93F;. &#x935;&#x93E;. &#x924;&#x925;&#x93E; &#x930;&#x93E;&#x91C;&#x93E;&#x92D;&#x93E;&#x90A;</subfield>
  </datafield>
  <datafield tag="730" ind1=" " ind2=" ">
    <subfield code="a"> &#x964;&#x964; &#x927;&#x930;&#x94D;&#x92E;&#x915;&#x94D;&#x937;&#x947;&#x924;&#x94D;&#x930;&#x947; &#x915;&#x941;&#x930;&#x941;&#x915;&#x94D;&#x937;&#x947;&#x924;&#x94D;&#x930;&#x947; &#x964;&#x964;</subfield>
  </datafield>
  <datafield tag="942" ind1=" " ind2=" ">
    <subfield code="c">BOOK</subfield>
  </datafield>
  <datafield tag="999" ind1=" " ind2=" ">
    <subfield code="c">142777</subfield>
    <subfield code="d">142777</subfield>
  </datafield>
  <datafield tag="952" ind1=" " ind2=" ">
    <subfield code="0">0</subfield>
    <subfield code="1">0</subfield>
    <subfield code="4">0</subfield>
    <subfield code="7">0</subfield>
    <subfield code="a">THNMGS</subfield>
    <subfield code="b">THNMGS</subfield>
    <subfield code="d">0000-00-00</subfield>
    <subfield code="g">60.00</subfield>
    <subfield code="l">0</subfield>
    <subfield code="o">29323</subfield>
    <subfield code="p">THNMGS-29323</subfield>
    <subfield code="r">2009-01-24 00:00:00</subfield>
    <subfield code="v">60.00</subfield>
    <subfield code="w">2009-01-24</subfield>
    <subfield code="y">BOOK</subfield>
  </datafield>
</record>
